000 00471nam a2200157 a 4500
001 000028540
005 20200930055010.0
008 110411s1981 dr ac 000 0 spa d
040 _aDO-SdBNP
_bspa
_cBNPHU
082 _axxxx
_bR426
110 1 _aRepública Dominicana.
_bInstituto Nacional de la Vivienda (INVI)
_954493
245 1 0 _aVivienda.
260 _aSanto Domingo, :
_bInstituto Nacional de la Vivienda,
_c1981.
300 _a73 p. :
_bil., retrs.
049 _aBNPD
999 _c28032
_d28032